000 01224cad a22002655a 4500
001 E148814
008 091111e20091022xxkb f s000 0 eng d
035 _a(Sirsi) u148814
041 0 _aeng
050 0 4 _a306.1 $2 18
100 1 _aBremner, Abigail
245 0 0 _aHome Owner and Debtor Protection (Scotland) Bill
_h[electronic resource]
260 _aEdinburgh
_bScottish Parliament
_c2009
490 0 _aSPICe Briefing
_v(09/73) 22 October 2009
505 2 _aExecutive summary -- Background -- Repossession -- Bankruptcy -- Other issues -- Appendices
520 _aGives an introduction to the Home Owner and Debtor Protection (Scotland) Bill which was introduced to Parliament on 1 October 2009 and which seeks to protect those facing repossession or bankruptcy. For the Bill itself, see (E148816).
521 _aAdvanced
590 _aKA
650 2 4 _aHOME OWNER AND DEBTOR PROTECTION (SCOTLAND) BILL
651 4 _aScotland
_y1999-
690 _aPROPERTY-RESIDENTIAL PROPERTY-DOMESTIC RESIDENTIAL PROPERTY-HOUSING
700 1 _aBurgess, Lizzy
856 4 0 _uhttps://www.scottish.parliament.uk/business/research/date/index.htm
_zView the briefing free of charge at www.scottish.parliament.uk...
942 _n0
999 _c110241
_d110241